Baskets : design ideas, techniques and materials and step-by-step projects
| Main Author: | |
|---|---|
| Other Authors: | |
| Format: | Book |
| Published: |
New York :
Weidenfeld & Nicolsson ,
1989
|
| Subjects: |
MARC
| LEADER | 00000cam a2200000 7i4500 | ||
|---|---|---|---|
| 001 | 0000003347 | ||
| 002 | 000003612 | ||
| 005 | 20000330.0 | ||
| 020 | |a 1555843050 | ||
| 090 | 0 | 0 | |a 746.412 |b KOL |
| 100 | 1 | |a Kollath, Richard | |
| 245 | 1 | 0 | |a Baskets : |b design ideas, techniques and materials and step-by-step projects |c Richard Kollath and Tim Frew |
| 260 | |a New York : |b Weidenfeld & Nicolsson , |c 1989 | ||
| 300 | |a 128 p. ; |c 21 cm. | ||
| 650 | 0 | 0 | |a Basket making |
| 700 | 1 | |a Frew, Tim | |
| 999 | |a 036914 |b BUKU |c PINJAMAN |e PERPUSTAKAAN KOMUNITI PETALING JAYA | ||